NOT Tom Hanks Quiz Stats

 Plays Quiz Updated Jul 29, 2013

Challenge
Share
Tweet
Score 0/25 Timer 05:00
0 Plays Today
Tom Hanks movie % Correct
Cast Away
93.3%
The Green Mile
87.2%
Forrest Gump
86.8%
Catch Me If You Can
83.5%
A League of Their Own
79.4%
The Da Vinci Code
74.2%
You've Got Mail
71.6%
Sleepless in Seattle
70.3%
Turner & Hooch
69.3%
Saving Private Ryan
67.4%
Apollo 13
65.5%
Splash
61.8%
Big
57.4%
Tom Hanks movie % Correct
Philadelphia
54.8%
The Terminal
52.3%
That Thing You Do
44.8%
Road to Perdition
42%
Charlie Wilson's War
39.1%
Larry Crowne
26%
Extremely Loud and Incredibly Close
23.7%
The Money Pit
22.7%
The Burbs
21.9%
Bonfire of the Vanities
14.2%
Dragnet
13.5%
The Man With One Red Shoe
4.3%

You're not logged in!

Compare scores with friends on all Sporcle quizzes.
OR
Log In

You Might Also Like...

Show Comments

Extras

Top Quizzes Today


Score Distribution

Your Account Isn't Verified!

In order to create a playlist on Sporcle, you need to verify the email address you used during registration. Go to your Sporcle Settings to finish the process.

Report this User

Report this user for behavior that violates our Community Guidelines.

Details: